00428cam a22001097a 4500008004000000082002200040100002000062245016400082260003900246300001300285700002000298180718b1969 xxu||||| |||| 00| 0 eng d aR706x71 C16/St/12 aLoubser, Jan J. aTask force on labour relations, study no.12 Industrial conversion and workers attitudes to change in different industriescby Jan J. Loubser and Michael Fullan aOttawabPrivy Council Officec1969 axi, 270p aFullan, Michael